| 000 | 00466cab a2200181 4500 | ||
|---|---|---|---|
| 001 | X1178 | ||
| 008 | 090401t1993 xxu||||| |||| 00| 0 eng d | ||
| 035 | _a(Sirsi) u15242 | ||
| 041 | _aeng | ||
| 245 | _aRICS responds to English house condition survey | ||
| 260 | _c1993 | ||
| 350 | _a0 | ||
| 490 |
_aCS Monthly : General Practice _v3(3) November 1993, 3(1) |
||
| 650 | _aENGLISH HOUSE CONDITION SURVEY | ||
| 690 | _aHOUSING | ||
| 942 | _n0 | ||
| 948 | _c04/03/1997 | ||
| 999 |
_c9972 _d9972 |
||